Dr. S. R. Lasker Library Online Catalogue

Home      Library Home      Institutional Repository      E-Resources      MyAthens      EWU Home

Textbook of community medicine and public health / (Record no. 7913)

MARC details
000 -LEADER
fixed length control field 00852nam a22002777a 4500
001 - CONTROL NUMBER
control field 7913
003 - CONTROL NUMBER IDENTIFIER
control field BD-DhEWU
005 - DATE AND TIME OF LATEST TRANSACTION
control field 20191106142049.0
008 - FIXED-LENGTH DATA ELEMENTS--GENERAL INFORMATION
fixed length control field 150629s19922012bg a|||g b||| 001 0 eng d
020 ## - INTERNATIONAL STANDARD BOOK NUMBER
International Standard Book Number 9843213394
040 ## - CATALOGING SOURCE
Original cataloging agency BD-DhEWU
Language of cataloging eng
Transcribing agency BD-DhEWU
Modifying agency BD-DhEWU
041 ## - LANGUAGE CODE
Language code of text/sound track or separate title eng
050 ## - LIBRARY OF CONGRESS CALL NUMBER
Classification number RA440.6
Item number .O5
082 04 - DEWEY DECIMAL CLASSIFICATION NUMBER
Classification number 610
Item number RAT 2012
245 00 - TITLE STATEMENT
Title Textbook of community medicine and public health /
Statement of responsibility, etc edited by Mahmudur Rahman, AKM Alamgir and Abdul Hafez.
260 ## - PUBLICATION, DISTRIBUTION, ETC. (IMPRINT)
Place of publication, distribution, etc Dhaka :
Name of publisher, distributor, etc MAH publishers,
Date of publication, distribution, etc 2012.
300 ## - PHYSICAL DESCRIPTION
Extent xix, 626 p. :
Other physical details ill. ;
Dimensions 28 cm.
504 ## - BIBLIOGRAPHY, ETC. NOTE
Bibliography, etc Includes bibliographical references and index.
526 ## - STUDY PROGRAM INFORMATION NOTE
Program name Pharmacy
-- MPRHGD
590 ## - LOCAL NOTE (RLIN)
Local note Saifun Momota
653 ## - INDEX TERM--UNCONTROLLED
Uncontrolled term Public health.
700 1# - ADDED ENTRY--PERSONAL NAME
Personal name Rahman, Mahmudur.
9 (RLIN) 18409
Personal name Alamgir, AKM.
9 (RLIN) 19699
Personal name Hafez, Abdul.
9 (RLIN) 19700
942 ## - ADDED ENTRY ELEMENTS (KOHA)
Source of classification or shelving scheme Dewey Decimal Classification
Koha item type Text
Koha issues (borrowed), all copies 1
Holdings
Withdrawn status Lost status Source of classification or shelving scheme Damaged status Not for loan Collection code Home library Current library Shelving location Date acquired Source of acquisition Cost, normal purchase price Total Checkouts Full call number Barcode Date last seen Copy number Price effective from Koha item type Date checked out
    Dewey Decimal Classification   Not For Loan Non-fiction Dr. S. R. Lasker Library, EWU Dr. S. R. Lasker Library, EWU Reserve Section 07/06/2015 Parama 750.00   610 RAT 2012 26779 07/02/2019 C-1 29/06/2015 Text  
    Dewey Decimal Classification     Non-fiction Dr. S. R. Lasker Library, EWU Dr. S. R. Lasker Library, EWU Circulation Section 07/06/2015 Parama 750.00 1 610 RAT 2012 26781 16/08/2016 C-3 29/06/2015 Text 16/08/2016
    Dewey Decimal Classification   Not For Loan Non-fiction Dr. S. R. Lasker Library, EWU Dr. S. R. Lasker Library, EWU Circulation Section 07/06/2015 Parama 750.00   610 RAT 2012 26780 29/06/2015 C-2 29/06/2015 Text  
    Dewey Decimal Classification     Non-fiction Dr. S. R. Lasker Library, EWU Dr. S. R. Lasker Library, EWU Circulation Section 07/06/2015 Parama 750.00   610 RAT 2012 26782 29/06/2015 C-4 29/06/2015 Text  
    Dewey Decimal Classification     Non-fiction Dr. S. R. Lasker Library, EWU Dr. S. R. Lasker Library, EWU Circulation Section 07/06/2015 Parama 750.00   610 RAT 2012 26783 29/06/2015 C-5 29/06/2015 Text